000 00911cam a22002897a 4500
003 CHAP
005 20220329134053.0
008 971013s1960 r 00010 d
010 _a14974
011 _a15946
035 _a20023
040 _cCHAP
082 _a676
_bG73
100 0 0 _aGrant, Julius.
_950430
245 1 2 _aA laboratory handbook of pulp and paper manufacture
260 _aLondon :
_bArnold,
_c1960
300 _a523 p.
_b: ilus
500 _a"Incorporating the fourth edition of Stevens's "Paper mill chemist"
590 _aBATCH-UPD
_b10
_c20130110
_lUCH01
_h1742
590 _aBATCH-UPD
_b10
_c20130410
_lUCH01
_h1121
590 _aBATCH-UPD
_b10
_c20130914
_lUCH01
_h1552
590 _aCONVERSION
_b10
_c20130109
_lUCH01
_h1309
650 1 4 _aPapel
_xFabricación y comercio.
_985372
901 _aBK
942 _cLIBRO
949 _a676 G73
_bBC
_cLIBRO
_d33724000146643
_eLIBRO
_h25901
_i20023
_si
999 _c14974
_d14974